[Event "Montreal Summer Classic"]
[Site "Montreal CAN"]
[Date "2018.08.03"]
[Round "9.5"]
[White "Duong, Thanh Nha"]
[Black "Rodrigue-Lemieux, Shawn"]
[Result "1-0"]
[WhiteElo "2207"]
[BlackElo "2267"]
[PlyCount "169"]
[EventDate "2018.07.30"]
[EventType "tourn"]
[EventRounds "9"]
[EventCountry "CAN"]

1. d4 Nf6 2. Nf3 e6 3. c4 d5 4. g3 Be7 5. Bg2 O-O 6. O-O dxc4 7. Qc2 a6 8. Qxc4
b5 9. Qc2 Bb7 10. Bg5 Nbd7 11. Bxf6 Nxf6 12. Nbd2 Rc8 13. Nb3 Be4 14. Qc1 Nd7
15. Rd1 c6 16. Qd2 Bd5 17. Qd3 c5 18. dxc5 Nxc5 19. Nxc5 Bxc5 20. e4 Bb7 21.
Qe2 Qe7 22. e5 Rfd8 23. h4 h6 24. a3 Bd5 25. Rac1 Bc4 26. Qe1 Bd5 27. b4 Bb6
28. Nd2 Rxc1 29. Rxc1 Qb7 30. Be4 Bd4 31. Bb1 Bb2 32. Rc5 Bxa3 33. Ne4 a5 34.
Nd6 Qe7 35. Qc3 Bxb4 36. Qc2 g6 37. Rc7 Rd7 38. Rc8+ Rd8 39. Rc7 Rd7 40. Rc8+
Kh7 41. Ne8 Bf3 42. Nf6+ Qxf6 43. exf6 Rd1+ 44. Qxd1 Bxd1 45. Rc7 Kg8 46. Bd3
Ba4 47. h5 gxh5 48. Rc8+ Bf8 49. Ra8 b4 50. Rxa5 Bd1 51. Ra8 Bf3 52. Rb8 Bd5
53. Kf1 e5 54. Bf5 Be6 55. Be4 Bc4+ 56. Ke1 Be6 57. Kd2 Ba2 58. Kc1 Be6 59. Kb2
Bc4 60. Bc2 Bd5 61. Bb3 Be4 62. Bc2 Bd5 63. Re8 Be6 64. Bb3 e4 65. Bc2 Bd7 66.
Rd8 Bc6 67. Kc1 Bb7 68. Kd2 Bc6 69. Ke3 Bb5 70. Rb8 Bc4 71. Kxe4 Be6 72. Kd4
Ba2 73. f4 Be6 74. Bd1 h4 75. gxh4 Bf5 76. Bf3 Be6 77. Be4 Bg4 78. Bd5 Bd1 79.
Bc4 Bf3 80. Bb3 Be2 81. Ke5 Bf3 82. Rc8 Bg4 83. f5 Bf3 84. Rc7 Bh5 85. Bc4 1-0

[Event "Quebec op"]
[Site "Longueuil CAN"]
[Date "2018.07.21"]
[Round "1.10"]
[White "Trottier, Alain"]
[Black "Duong, Thanh Nha"]
[Result "0-1"]
[WhiteElo "1966"]
[BlackElo "2207"]
[PlyCount "50"]
[EventDate "2018.07.21"]
[EventType "swiss"]
[EventRounds "9"]
[EventCountry "CAN"]

1. Nf3 Nf6 2. g3 g6 3. Bg2 Bg7 4. O-O O-O 5. d4 d6 6. c4 Nc6 7. Nc3 a6 8. b3
Rb8 9. Bb2 Bd7 10. e4 e5 11. dxe5 Nxe5 12. Nxe5 dxe5 13. Qc2 Re8 14. Rfd1 Qc8
15. a4 Bg4 16. Rd4 Bf8 17. Bc1 Nd7 18. Bg5 f6 19. Be3 c6 20. h3 Be6 21. Kh2 Nc5
22. Rd2 a5 23. Rad1 Qc7 24. f4 Qb6 25. f5 Bf7 {...} 0-1

[Event "Quebec op"]
[Site "Longueuil CAN"]
[Date "2018.07.22"]
[Round "2.1"]
[White "Duong, Thanh Nha"]
[Black "Edouard, Romain"]
[Result "0-1"]
[WhiteElo "2207"]
[BlackElo "2638"]
[PlyCount "66"]
[EventDate "2018.07.21"]
[EventType "swiss"]
[EventRounds "9"]
[EventCountry "CAN"]

1. Nf3 c5 2. c4 Nc6 3. Nc3 Nf6 4. e3 e5 5. d4 cxd4 6. exd4 e4 7. Ne5 Bb4 8. Be2
Qa5 9. Nxc6 Bxc3+ 10. bxc3 dxc6 11. Qb3 O-O 12. O-O Qc7 13. h3 h6 14. Rb1 Nh7
15. c5 Kh8 16. f3 exf3 17. Rxf3 Qe7 18. Bc4 f5 19. Bf4 Ng5 20. Re3 Ne4 21. Bd6
Qg5 22. Rxe4 fxe4 23. Bxf8 Bxh3 24. Bxg7+ Qxg7 25. Qc2 Re8 26. Kh2 Bg4 27. Be2
Bf5 28. Rf1 Qg5 29. Bc4 Bg6 30. Qf2 e3 31. Qe1 e2 32. Rf3 Bh5 33. Rg3 Qh4+ 0-1

[Event "Quebec op"]
[Site "Longueuil CAN"]
[Date "2018.07.22"]
[Round "3.9"]
[White "Malek, Omid"]
[Black "Duong, Thanh Nha"]
[Result "0-1"]
[WhiteElo "2055"]
[BlackElo "2207"]
[PlyCount "75"]
[EventDate "2018.07.21"]
[EventType "swiss"]
[EventRounds "9"]
[EventCountry "CAN"]

1. d4 d6 2. Nf3 Bg4 3. e3 Nf6 4. Be2 Nbd7 5. b3 e6 6. Bb2 Be7 7. O-O O-O 8. c4
c6 9. Nc3 a5 10. Ne1 Bxe2 11. Qxe2 e5 12. Nc2 Re8 13. Rfd1 e4 14. f4 exf3 15.
Qxf3 Bf8 16. Rf1 Qe7 17. Rae1 Qe6 18. e4 Qg4 19. Qd3 Qg6 20. Re3 h6 21. Rg3 Qh7
22. Qf3 Kh8 23. Ne3 Rxe4 24. Nxe4 Nxe4 25. Qxf7 Nxg3 26. hxg3 Qe4 27. Nf5 Qe8
28. Nh4 Qxf7 29. Rxf7 Rd8 30. Rf5 b6 31. Ng6+ Kg8 32. g4 Re8 33. Nxf8 Nxf8 34.
Kf2 Nh7 35. Bc1 Nf6 36. g5 hxg5 37. Rxg5 Ne4+ 38. Kf3 0-1

[Event "Quebec op"]
[Site "Longueuil CAN"]
[Date "2018.07.24"]
[Round "5.6"]
[White "Duong, Thanh Nha"]
[Black "Zhu, Brandon"]
[Result "1-0"]
[WhiteElo "2207"]
[BlackElo "1959"]
[PlyCount "103"]
[EventDate "2018.07.21"]
[EventType "swiss"]
[EventRounds "9"]
[EventCountry "CAN"]

1. Nf3 d5 2. c4 d4 3. g3 Nc6 4. Bg2 e5 5. d3 Bb4+ 6. Nbd2 a5 7. O-O Nf6 8. Qc2
a4 9. a3 Be7 10. b4 axb3 11. Nxb3 Bf5 12. Nh4 Be6 13. e4 Nd7 14. Nf5 Bf6 15.
Bd2 g6 16. Nh6 Bg5 17. Qc1 Bxd2 18. Qxd2 Qe7 19. f4 f6 20. f5 Bf7 21. a4 Qb4
22. Qd1 Rxa4 23. Rb1 Ra2 24. Bh3 g5 25. Bg4 Qf8 26. Nxf7 Kxf7 27. Bh5+ Ke7 28.
Nc1 Ra7 29. Rb5 Qh6 30. g4 Rha8 31. Rf2 b6 32. Nb3 Qg7 33. Rc2 Nc5 34. Nxc5
bxc5 35. Rxc5 Nb4 36. Rb2 Kd6 37. Qb3 Ra4 38. Rd5+ Nxd5 39. c5+ Ke7 40. exd5
Kf8 41. d6 cxd6 42. cxd6 Qd7 43. Qe6 R4a7 44. Qxf6+ Kg8 45. Qxe5 Ra1+ 46. Kf2
Qg7 47. f6 Rf8 48. Rb8 Ra7 49. Kg3 Raf7 50. Rxf8+ Qxf8 51. Qe6 Kh8 52. Bxf7 1-0

[Event "Quebec op"]
[Site "Longueuil CAN"]
[Date "2018.07.25"]
[Round "6.6"]
[White "Zhao, Jim"]
[Black "Duong, Thanh Nha"]
[Result "1-0"]
[WhiteElo "2169"]
[BlackElo "2207"]
[PlyCount "133"]
[EventDate "2018.07.21"]
[EventType "swiss"]
[EventRounds "9"]
[EventCountry "CAN"]

1. Nf3 d6 2. d4 Bg4 3. e4 Nf6 4. Nc3 e6 5. h3 Bh5 6. Be2 Be7 7. O-O O-O 8. e5
Nfd7 9. d5 Bxf3 10. Bxf3 Nxe5 11. dxe6 Nxf3+ 12. Qxf3 fxe6 13. Qxb7 Nd7 14. Re1
d5 15. Qc6 Nc5 16. b4 Qd7 17. Qxd7 Nxd7 18. Nxd5 Bh4 19. Nf4 Rae8 20. Nd3 c5
21. bxc5 Nxc5 22. Be3 Nxd3 23. cxd3 Rf7 24. Rab1 Rd8 25. Rb3 Rfd7 26. Ra3 Bf6
27. g3 a5 28. Bb6 Rxd3 29. Rxa5 R8d6 30. Be3 Kf7 31. Ra8 h5 32. h4 Rc6 33. Re2
Kg6 34. Kg2 Kf5 35. Ra5+ e5 36. Bf4 Re6 37. Kh3 Rd1 38. Bxe5 Kg6 39. Kg2 Rd3
40. Kf1 Rd1+ 41. Kg2 Rd3 42. Re1 Kh7 43. Kf1 Bd8 44. Ra7 Rg6 45. Re2 Rd1+ 46.
Kg2 Bxh4 47. Bxg7 Rxg7 48. Rxg7+ Kxg7 49. gxh4 Rd4 50. Re7+ Kf6 51. Ra7 Rxh4
52. a4 Rb4 53. Ra8 Kg7 54. a5 Ra4 55. a6 Ra3 56. a7 Ra4 57. Kh3 Kh7 58. f4 Ra1
59. Kh4 Ra5 60. f5 Ra1 61. Kxh5 Ra5 62. Kg4 Ra4+ 63. Kf3 Ra6 64. Ke4 Ra4+ 65.
Kd3 Ra3+ 66. Kc4 Ra1 67. f6 1-0

[Event "Laval op"]
[Site "Laval CAN"]
[Date "2018.06.23"]
[Round "2.6"]
[White "Chang, Alexander RZ"]
[Black "Duong, Thanh Nha"]
[Result "0-1"]
[WhiteElo "1567"]
[BlackElo "2201"]
[PlyCount "84"]
[EventDate "2018.06.22"]
[EventType "swiss"]
[EventRounds "5"]
[EventCountry "CAN"]

1. e4 d6 2. d4 Nf6 3. Bd3 e5 4. dxe5 dxe5 5. Nf3 Nbd7 6. O-O Bc5 7. Nbd2 O-O 8.
Nc4 Re8 9. c3 c6 10. Qc2 b5 11. Ne3 Nb6 12. c4 b4 13. b3 Ng4 14. Re1 a5 15. h3
Nxe3 16. Bxe3 Qe7 17. Bxc5 Qxc5 18. Red1 Be6 19. Be2 f6 20. Ne1 Qe7 21. c5 Nc8
22. Rd2 Qf7 23. Rad1 a4 24. Bg4 Bxg4 25. hxg4 axb3 26. Qxb3 Qxb3 27. axb3 Ra3
28. Rb2 Ra5 29. Rc2 Na7 30. Nd3 Rd8 31. Rcd2 Rd4 32. f3 Nb5 33. Ne1 Rxd2 34.
Rxd2 Ra1 35. Kf2 Nd4 36. Rb2 Rd1 37. Kf1 Kf7 38. Kf2 Ke6 39. g3 g5 40. Ng2 Rd3
41. Ne3 Rc3 42. Rb1 Rxc5 0-1

[Event "Laval op"]
[Site "Laval CAN"]
[Date "2018.06.23"]
[Round "3.4"]
[White "Duong, Thanh Nha"]
[Black "Tanaka, Tyler"]
[Result "1-0"]
[WhiteElo "2201"]
[BlackElo "2038"]
[PlyCount "75"]
[EventDate "2018.06.22"]
[EventType "swiss"]
[EventRounds "5"]
[EventCountry "CAN"]

1. c4 Nf6 2. g3 g6 3. b3 Bg7 4. Bb2 O-O 5. Bg2 d6 6. Nf3 c5 7. O-O Nc6 8. Nc3
a6 9. d4 cxd4 10. Nxd4 Bd7 11. e4 Nxd4 12. Qxd4 Bc6 13. Nd5 Ne8 14. Qd2 Bxb2
15. Qxb2 e6 16. Nb4 e5 17. Rad1 Qe7 18. Qa3 Qc7 19. Rd2 Rd8 20. Rfd1 Rc8 21. h4
h5 22. Kh2 Qb6 23. f3 Qc5 24. Nc2 a5 25. Bh3 Rb8 26. Qxc5 dxc5 27. Ne3 b6 28.
Rd8 Rxd8 29. Rxd8 Ng7 30. Rd6 Ba8 31. Rxb6 Ne6 32. Bxe6 fxe6 33. Kg2 Rd8 34.
Rxe6 Rd2+ 35. Kf1 Kf7 36. Ra6 Bb7 37. Ra7 Rd7 38. Rxa5 1-0

[Event "Laval op"]
[Site "Laval CAN"]
[Date "2018.06.24"]
[Round "5.5"]
[White "Richard, Leo"]
[Black "Duong, Thanh Nha"]
[Result "0-1"]
[WhiteElo "1658"]
[BlackElo "2201"]
[PlyCount "68"]
[EventDate "2018.06.22"]
[EventType "swiss"]
[EventRounds "5"]
[EventCountry "CAN"]

1. e4 d6 2. d4 Nf6 3. Nc3 e5 4. Nf3 Nbd7 5. Bc4 Be7 6. O-O O-O 7. h3 c6 8. dxe5
Nxe5 9. Nxe5 dxe5 10. Qf3 Nd7 11. a4 Nc5 12. Rd1 Qc7 13. Be3 Be6 14. Bxe6 Nxe6
15. Qe2 Bg5 16. Bxg5 Nxg5 17. Qg4 Ne6 18. Ne2 Rfd8 19. Ng3 Qb6 20. b3 Qc5 21.
Rxd8+ Rxd8 22. Rd1 Rxd1+ 23. Qxd1 Qd4 24. Qxd4 Nxd4 25. Nf5 Nxc2 26. Nd6 Nd4
27. b4 b5 28. a5 Kf8 29. Nb7 Nc2 30. Nc5 Nxb4 31. Nd7+ Ke8 32. Nxe5 f6 33. Nf3
c5 34. Kf1 Nc6 0-1

[Event "Capablanca mem. op"]
[Site "Havana CUB"]
[Date "2018.05.17"]
[Round "9"]
[White "Duong, Thanh Nha"]
[Black "Arribas, Maritza"]
[Result "1-0"]
[WhiteElo "2175"]
[BlackElo "2265"]
[PlyCount "87"]
[EventDate "2018.05.09"]
[EventType "swiss"]
[EventRounds "10"]
[EventCountry "CUB"]

1. d4 Nf6 2. c4 e6 3. g3 d5 4. Nf3 Be7 5. Bg2 O-O 6. O-O Nbd7 7. Qc2 c6 8. Nbd2
b6 9. e4 dxe4 10. Nxe4 Nxe4 11. Qxe4 Bb7 12. Rd1 Nf6 13. Qc2 Qc8 14. c5 Rd8 15.
Bg5 h6 16. Bxf6 Bxf6 17. Ne5 bxc5 18. Qxc5 Qc7 19. Rac1 Be7 20. Qc3 Rac8 21. b4
Bf6 22. Ng4 Be7 23. a3 Qb8 24. Ne5 Bf6 25. Qc5 Ba8 26. Ng4 Qb6 27. Nxf6+ gxf6
28. Qh5 Rxd4 29. Rxd4 Qxd4 30. Rd1 Qb2 31. Qxh6 a5 32. Qh4 axb4 33. axb4 c5 34.
bxc5 Bxg2 35. Kxg2 Qc3 36. Rd4 Qxc5 37. Qxf6 Qc6+ 38. Kh3 Qa6 39. Kg2 Qb7+ 40.
f3 Qa6 41. Rf4 Rc2+ 42. Kh3 Qb7 43. Rg4+ Kf8 44. Qd8# 1-0

[Event "Choc des Generations"]
[Site "Montreal CAN"]
[Date "2018.04.07"]
[Round "2"]
[White "Huang, Qiuyu"]
[Black "Duong, Thanh Nha"]
[Result "0-1"]
[WhiteElo "2163"]
[BlackElo "2175"]
[PlyCount "166"]
[EventDate "2018.04.06"]
[EventType "schev"]
[EventRounds "5"]
[EventCountry "CAN"]

1. e4 c5 2. Nf3 Nc6 3. d4 cxd4 4. Nxd4 Nf6 5. Nc3 d6 6. Bg5 e6 7. Qd2 a6 8.
Nxc6 bxc6 9. Bd3 Be7 10. O-O O-O 11. Rfe1 Rb8 12. b3 e5 13. Rad1 Qc7 14. Na4
Rd8 15. c4 Be6 16. Nc3 h6 17. Bh4 a5 18. h3 Rd7 19. Bg3 Nh5 20. Bh2 Bg5 21. Qe2
g6 22. Qf3 Rf8 23. Bc2 Qd8 24. Ne2 Qb6 25. Qc3 Qb4 26. c5 Qxc3 27. Nxc3 Be7 28.
Re2 f6 29. Red2 Rfd8 30. cxd6 Bxd6 31. Ne2 Kf7 32. g4 Ng7 33. Kg2 g5 34. f3 Bb4
35. Rxd7+ Bxd7 36. Bg1 c5 37. Rd5 Ne6 38. Be3 Ke7 39. Kf2 Rc8 40. Rd1 Rh8 41.
Bd3 Nd4 42. Rc1 h5 43. Bxd4 cxd4 44. Kg2 Kd6 45. Ng3 h4 46. Nh5 Rf8 47. Rc2 Bc3
48. Ng7 Ra8 49. Kf2 a4 50. bxa4 Bxa4 51. Nf5+ Kc5 52. Rc1 Bb5 53. Bb1 Bc4 54.
Ne7 Bxa2 55. Bc2 Bc4 56. Nd5 Bb2 57. Rd1 Ra6 58. Bb1 Bxd5 59. exd5 Kxd5 60. Ke2
Ra3 61. Bd3 Bc3 62. Rc1 Ra2+ 63. Rc2 Ra1 64. Kf2 Rh1 65. Re2 Rh2+ 66. Kg1 Rxh3
67. Kg2 Rg3+ 68. Kf2 Kc5 69. Ra2 Kb4 70. Ra6 Bd2 71. Rxf6 Be3+ 72. Ke1 h3 73.
Rh6 Kc3 74. Bf1 Rxf3 75. Rxh3 Rf4 76. Be2 Kc2 77. Rf3 e4 78. Bd1+ Kc1 79. Rxf4
gxf4 80. g5 f3 81. g6 Bh6 82. Ba4 d3 83. Bb3 d2+ 0-1

[Event "Choc des Generations"]
[Site "Montreal CAN"]
[Date "2018.04.07"]
[Round "3"]
[White "Duong, Thanh Nha"]
[Black "Ouellet, Maili-Jade"]
[Result "0-1"]
[WhiteElo "2175"]
[BlackElo "2237"]
[PlyCount "154"]
[EventDate "2018.04.06"]
[EventType "schev"]
[EventRounds "5"]
[EventCountry "CAN"]

1. c4 e6 2. Nf3 d5 3. d4 Nf6 4. Bg5 Be7 5. e3 O-O 6. Nc3 Nbd7 7. Bd3 dxc4 8.
Bxc4 a6 9. a4 c5 10. O-O cxd4 11. Nxd4 Qa5 12. Bh4 Rd8 13. Qe2 Ne5 14. Ba2 Ng6
15. Bg3 e5 16. Nc2 Bd7 17. Rfd1 Rac8 18. e4 h5 19. h3 h4 20. Bh2 Bc6 21. Rxd8+
Rxd8 22. Qc4 Be8 23. b4 Qb6 24. a5 Qd6 25. Nd5 Bb5 26. Nxf6+ Qxf6 27. Qc3 Rd3
28. Qc8+ Kh7 29. Qf5 Kg8 30. Qxf6 gxf6 31. Bd5 Bc6 32. Bxc6 bxc6 33. Rb1 Rd2
34. Ne3 Rd4 35. Rc1 Rxe4 36. Rxc6 Rxb4 37. Kf1 Ra4 38. Rxa6 Bb4 39. Ra8+ Kh7
40. a6 Ne7 41. Ke2 Bc5 42. g3 Bxe3 43. Kxe3 Nf5+ 44. Kf3 Ra3+ 45. Kg4 hxg3 46.
Bxg3 Nh6+ 47. Kh5 Ra5 48. a7 e4+ 49. Kh4 Rg5 50. Rh8+ Kxh8 51. a8=Q+ Kg7 52.
Qxe4 Nf5+ 53. Qxf5 Rxf5 54. Kg4 Kg6 55. Bf4 Ra5 56. Be3 Ra4+ 57. Bf4 Rb4 58.
Kg3 Kf5 59. Be3 Rb8 60. h4 Rg8+ 61. Kf3 Rg1 62. h5 Rh1 63. h6 Rg1 64. Bf4 Kg6
65. Be3 Rg5 66. Bxg5 fxg5 67. Ke4 f5+ 68. Ke5 f4 69. h7 Kxh7 70. Kf5 Kh6 71.
Kg4 Kg6 72. f3 Kf6 73. Kh3 Kf5 74. Kg2 Ke5 75. Kf2 Kd4 76. Ke2 Kc3 77. Kf2 Kd2
0-1

[Event "Choc des Generations"]
[Site "Montreal CAN"]
[Date "2018.04.08"]
[Round "4"]
[White "Rodrigue-Lemieux, Shawn"]
[Black "Duong, Thanh Nha"]
[Result "1-0"]
[WhiteElo "2160"]
[BlackElo "2175"]
[PlyCount "97"]
[EventDate "2018.04.06"]
[EventType "schev"]
[EventRounds "5"]
[EventCountry "CAN"]

1. e4 e5 2. Nf3 Nc6 3. Bc4 Bc5 4. c3 Nf6 5. d3 d6 6. O-O O-O 7. a4 a5 8. Bg5 h6
9. Bh4 Ba7 10. Na3 Qe7 11. Nc2 Nd8 12. Ne3 c6 13. Re1 Bxe3 14. fxe3 Be6 15. Nd2
Bxc4 16. Nxc4 Qe6 17. Bxf6 Qxf6 18. Nb6 Ra6 19. Nd7 Qe7 20. Nxf8 Qxf8 21. Qb3
Qe7 22. Rf1 Ne6 23. Rf2 Kh7 24. Raf1 f6 25. Re1 Nc5 26. Qc2 Rb6 27. d4 Ne6 28.
Rd2 h5 29. Rf1 Kh6 30. Rf5 c5 31. dxe5 dxe5 32. Qd1 g6 33. Rd7 Qf8 34. Rf2 c4
35. Rfd2 Qc5 36. Qe2 Nf4 37. Qf3 Nd3 38. g4 hxg4 39. Qg3 g5 40. h4 Nf4 41.
hxg5+ fxg5 42. Kh1 Nh5 43. Rh2 Rxb2 44. Qxg4 Rxh2+ 45. Kxh2 Qb6 46. Qf5 Ng7 47.
Qf8 Kh5 48. Qh8+ Qh6 49. Qxg7 1-0

[Event "Choc des Generations"]
[Site "Montreal CAN"]
[Date "2018.04.08"]
[Round "5"]
[White "Yu, Zong Yang"]
[Black "Duong, Thanh Nha"]
[Result "1-0"]
[WhiteElo "2406"]
[BlackElo "2175"]
[PlyCount "123"]
[EventDate "2018.04.06"]
[EventType "schev"]
[EventRounds "5"]
[EventCountry "CAN"]

1. Nf3 d6 2. d4 Bg4 3. e4 Nf6 4. Nc3 e6 5. Be2 Be7 6. O-O O-O 7. h3 Bh5 8. e5
Nfd7 9. Bf4 d5 10. Nb1 c5 11. dxc5 Nxc5 12. Nbd2 Nc6 13. c3 Qb6 14. b4 Nd7 15.
Re1 Rac8 16. Rc1 Rfd8 17. a3 a5 18. Bd3 Nf8 19. b5 Nb8 20. a4 Nbd7 21. g4 Bg6
22. Bf1 Ba3 23. Be3 Qc7 24. Bd4 Bxc1 25. Qxc1 Nc5 26. Qa3 Nfd7 27. Nb3 Nxb3 28.
Qxb3 Be4 29. Qd1 Nc5 30. Nd2 Bg6 31. Re3 Qe7 32. Nf3 Qc7 33. Ne1 Nd7 34. Ng2 f6
35. b6 Qb8 36. Qe2 fxe5 37. Rxe5 Nxe5 38. Bxe5 Qa8 39. Bd4 Re8 40. Qe5 Re7 41.
Nf4 Rce8 42. Bb5 Qb8 43. Qg5 Rf7 44. Nxg6 hxg6 45. Be5 Qd8 46. Qxg6 Ref8 47. g5
Qe7 48. Bd3 Rf5 49. f4 Qf7 50. Bxf5 exf5 51. Qd6 Re8 52. Kf2 Qe6 53. Qc7 Qe7
54. Ke3 Kf7 55. Kd4 Qxc7 56. bxc7 g6 57. Kc5 Ke6 58. Kb6 Kd7 59. Kxb7 Rc8 60.
h4 Re8 61. Bf6 Rc8 62. Bd8 1-0

[Event "Trois-Rivieres op"]
[Site "Trois-Rivieres CAN"]
[Date "2018.03.16"]
[Round "1.10"]
[White "Duong, Thanh Nha"]
[Black "Latreche, Sabrina"]
[Result "1/2-1/2"]
[WhiteElo "2304"]
[BlackElo "2004"]
[PlyCount "106"]
[EventDate "2018.03.16"]
[EventType "swiss"]
[EventRounds "5"]
[EventCountry "CAN"]

1. d4 d5 2. c4 c6 3. Nf3 e6 4. Qc2 Nf6 5. g3 Bb4+ 6. Nbd2 Ne4 7. Bg2 Nxd2 8.
Nxd2 dxc4 9. Qxc4 Bxd2+ 10. Bxd2 O-O 11. Bc3 b5 12. Qd3 a5 13. a3 Bb7 14. O-O
Nd7 15. Rac1 Nb6 16. b3 Nd5 17. Bb2 a4 18. Rfd1 axb3 19. Qxb3 Qa5 20. Bxd5 exd5
21. Bc3 Qa4 22. Qb2 Rfe8 23. Bb4 Re6 24. Rd2 Rae8 25. Rcc2 Rh6 26. Qc3 Qa8 27.
Qf3 Qc8 28. Ra2 Qh3 29. Qg2 Qf5 30. Qf1 Qe4 31. Rd3 Qg4 32. f3 Qh5 33. Qf2 Rhe6
34. Rdd2 Re3 35. Bd6 Rb3 36. Rd1 Qg6 37. Bf4 Ra8 38. Qe1 Raxa3 39. Rxa3 Rxa3
40. Qb4 Ra8 41. Qe7 Ba6 42. Ra1 h6 43. Qc7 Qe6 44. Qb6 Qc8 45. Rc1 Bb7 46. Rc3
Ra6 47. Qc5 Qh3 48. Qe7 Ra1+ 49. Bc1 Qe6 50. Qxb7 Rxc1+ 51. Rxc1 Qe3+ 52. Kg2
Qxc1 53. Qc8+ Kh7 1/2-1/2

[Event "Trois-Rivieres op"]
[Site "Trois-Rivieres CAN"]
[Date "2018.03.17"]
[Round "2.11"]
[White "Li, Sherry"]
[Black "Duong, Thanh Nha"]
[Result "0-1"]
[WhiteElo "2036"]
[BlackElo "2304"]
[PlyCount "130"]
[EventDate "2018.03.16"]
[EventType "swiss"]
[EventRounds "5"]
[EventCountry "CAN"]

1. e4 d6 2. d4 Nf6 3. Nc3 e5 4. Nf3 Nbd7 5. Bg5 Be7 6. Bc4 c6 7. a4 h6 8. Bd2
Qc7 9. h3 Nf8 10. dxe5 dxe5 11. Nh4 g6 12. Be3 Ne6 13. Nf3 Bb4 14. Qd3 Nc5 15.
Bxc5 Bxc5 16. Rd1 O-O 17. Ne2 Re8 18. Ng3 Be6 19. O-O Rad8 20. Qb3 Bxc4 21.
Qxc4 Bf8 22. Nh4 Kh7 23. c3 Qe7 24. b4 Nd7 25. Nf3 Bg7 26. Qb3 Nf8 27. Qc2 Qf6
28. Qc1 Ne6 29. Qe3 b6 30. Ne2 Nf4 31. c4 Bf8 32. Rxd8 Rxd8 33. Nxf4 exf4 34.
Qb3 Qe6 35. Re1 b5 36. Qc2 Qxc4 37. Qxc4 bxc4 38. Rc1 Bxb4 39. Ne5 c5 40. Nc6
Rc8 41. Nxa7 Ra8 42. Nb5 Rxa4 43. Kf1 Ra5 44. Nc7 c3 45. Nd5 g5 46. Nxc3 Bxc3
47. Rxc3 Kg6 48. Ke2 Kf6 49. Kd3 Ra2 50. Rxc5 Rxf2 51. h4 Rxg2 52. Rf5+ Kg6 53.
Kd4 Rh2 54. hxg5 hxg5 55. Ke5 Rh6 56. Kd6 Kh5+ 57. Ke7 f6 58. Kf7 Rg6 59. Ra5
Rh6 60. Ra1 g4 61. Ra5+ Kh4 62. Rf5 f3 63. Kg7 Rh5 64. Rf4 Kg3 65. Rxf6 Re5 0-1

[Event "Trois-Rivieres op"]
[Site "Trois-Rivieres CAN"]
[Date "2018.03.17"]
[Round "3.6"]
[White "Duong, Thanh Nha"]
[Black "Fortier, Marc-Andre"]
[Result "1-0"]
[WhiteElo "2304"]
[BlackElo "2229"]
[PlyCount "65"]
[EventDate "2018.03.16"]
[EventType "swiss"]
[EventRounds "5"]
[EventCountry "CAN"]

1. Nf3 c5 2. g3 Nc6 3. e4 e5 4. Bg2 g6 5. O-O Bg7 6. d3 Nge7 7. c3 d6 8. a3 O-O
9. b4 a5 10. b5 Na7 11. a4 h6 12. Ra2 Be6 13. c4 Nac8 14. Nh4 Qd7 15. Re1 g5
16. Nf3 Bg4 17. Nbd2 Ng6 18. Nf1 Re8 19. Ne3 Nf8 20. Nxe5 Bxd1 21. Nxd7 Bb3 22.
Ra3 Nxd7 23. Rxb3 Ne7 24. Bb2 Bd4 25. Bxd4 cxd4 26. Nc2 Nc5 27. Ra3 Ng6 28.
Nxd4 Ne5 29. Rd1 g4 30. Nf5 Re6 31. Ne3 Ncxd3 32. Raxd3 Nxd3 33. Rxd3 1-0

[Event "Trois-Rivieres op"]
[Site "Trois-Rivieres CAN"]
[Date "2018.03.18"]
[Round "4.3"]
[White "Tomb, Maroun"]
[Black "Duong, Thanh Nha"]
[Result "0-1"]
[WhiteElo "2323"]
[BlackElo "2304"]
[PlyCount "82"]
[EventDate "2018.03.16"]
[EventType "swiss"]
[EventRounds "5"]
[EventCountry "CAN"]

1. c4 e5 2. Nc3 Nf6 3. e3 d6 4. g3 g6 5. Bg2 Bg7 6. Nge2 O-O 7. O-O Nbd7 8. b4
Re8 9. Bb2 Nf8 10. d4 e4 11. Qc2 Qe7 12. b5 h5 13. Nf4 Bf5 14. Ncd5 Nxd5 15.
cxd5 h4 16. Rfc1 Rac8 17. a4 g5 18. Ne2 Nh7 19. a5 Qd7 20. Qb3 Nf6 21. b6 axb6
22. axb6 cxb6 23. Ba3 Bf8 24. gxh4 Bh3 25. hxg5 Nh7 26. Bxh3 Qxh3 27. Nf4 Qg4+
28. Kh1 Qf3+ 29. Kg1 Qg4+ 30. Kh1 Qf3+ 31. Kg1 Nxg5 32. Qd1 Qxd1+ 33. Rxd1 Nf3+
34. Kg2 Rc2 35. Rdb1 Nd2 36. Rc1 Rec8 37. Rxc2 Rxc2 38. Bb4 Nc4 39. Ra8 Rb2 40.
Ne6 fxe6 41. dxe6 Kg7 0-1

[Event "Trois-Rivieres op"]
[Site "Trois-Rivieres CAN"]
[Date "2018.03.18"]
[Round "5.2"]
[White "Duong, Thanh Nha"]
[Black "Huang, Qiuyu"]
[Result "1/2-1/2"]
[WhiteElo "2304"]
[BlackElo "2267"]
[PlyCount "96"]
[EventDate "2018.03.16"]
[EventType "swiss"]
[EventRounds "5"]
[EventCountry "CAN"]

1. d4 d5 2. c4 e6 3. Nf3 Nf6 4. Bf4 Be7 5. e3 O-O 6. h3 c5 7. Nc3 cxd4 8. exd4
Nc6 9. Rc1 b6 10. a3 Bb7 11. Bd3 dxc4 12. Bxc4 Na5 13. Be2 Rc8 14. O-O Nd5 15.
Bd2 Nxc3 16. Rxc3 Rxc3 17. Bxc3 Qd5 18. Qd3 Rd8 19. Rd1 Bf6 20. Bf1 h6 21. Ne5
Nc6 22. Rd2 Bg5 23. Rd1 Qb3 24. Nf3 Bf6 25. Rd2 Ne7 26. Be2 Qd5 27. Ne1 Nf5 28.
Bf3 Qd7 29. Nc2 Bxf3 30. Qxf3 Ne7 31. Ne3 Qb5 32. Ng4 Nd5 33. Qg3 Kh8 34. Ne5
Kg8 35. Ng4 Bg5 36. Rd1 Qb3 37. Re1 Rc8 38. h4 Bf4 39. Qf3 Bd6 40. Rc1 Bxa3 41.
Ra1 Nxc3 42. Rxa3 Qd1+ 43. Qxd1 Nxd1 44. Rxa7 Nxb2 45. Rb7 Nc4 46. h5 Kf8 47.
Kf1 Rd8 48. Ne5 Nxe5 1/2-1/2

[Event "Oakville Winter op"]
[Site "Oakville CAN"]
[Date "2018.02.03"]
[Round "2.2"]
[White "Duong, Thanh Nha"]
[Black "Gerzhoy, Leonid"]
[Result "1/2-1/2"]
[WhiteElo "2277"]
[BlackElo "2560"]
[PlyCount "49"]
[EventDate "2018.02.02"]
[EventType "swiss"]
[EventRounds "5"]
[EventCountry "CAN"]

1. d4 Nf6 2. c4 d6 3. Nf3 Nbd7 4. Bf4 g6 5. Nc3 Bg7 6. e3 O-O 7. Be2 b6 8. O-O
Bb7 9. h3 Ne4 10. Qc2 Nxc3 11. Qxc3 c5 12. Rac1 cxd4 13. exd4 Rc8 14. Qe3 Re8
15. b3 e5 16. dxe5 Nxe5 17. Nxe5 Bxe5 18. Bxe5 Rxe5 19. Qd2 Qe7 20. Bd3 d5 21.
cxd5 Rxc1 22. Qxc1 Rxd5 23. Re1 Re5 24. Rxe5 Qxe5 25. Bf1 1/2-1/2

[Event "Pere Noel"]
[Site "Montreal CAN"]
[Date "2017.12.27"]
[Round "1.6"]
[White "Duong, Thanh Nha"]
[Black "Auger, Bertrand"]
[Result "1-0"]
[WhiteElo "2315"]
[BlackElo "1934"]
[PlyCount "87"]
[EventDate "2017.12.27"]
[EventType "swiss"]
[EventRounds "5"]
[EventCountry "CAN"]

1. d4 Nf6 2. Nf3 b6 3. Bf4 e6 4. e3 Bb7 5. Be2 Be7 6. h3 O-O 7. O-O d6 8. Nbd2
Nbd7 9. Bh2 c5 10. c3 Qc8 11. a4 a6 12. Qb3 Bc6 13. Rfd1 Qb7 14. Nc4 Bd5 15.
Qc2 Be4 16. Qc1 Ne8 17. Ne1 d5 18. Nd2 Bg6 19. Nd3 f6 20. Nf4 Bf7 21. c4 g5 22.
Nd3 cxd4 23. exd4 Rc8 24. b3 Nd6 25. Qa3 Nf5 26. Qb2 Nd6 27. Rdc1 f5 28. Ne5
Nxe5 29. Bxe5 Ne4 30. Nxe4 fxe4 31. a5 Rc6 32. Qa2 Bd6 33. Bf6 Bf4 34. Rc3 e5
35. Bxe5 Bxe5 36. dxe5 d4 37. Rg3 Qe7 38. Qd2 d3 39. Rxg5+ Rg6 40. Rxg6+ Bxg6
41. Bg4 h5 42. Bd1 Qxe5 43. Ra2 Qc5 44. Qe3 1-0

[Event "Pere Noel"]
[Site "Montreal CAN"]
[Date "2017.12.28"]
[Round "2.6"]
[White "Zheng, Richard"]
[Black "Duong, Thanh Nha"]
[Result "1/2-1/2"]
[WhiteElo "2102"]
[BlackElo "2315"]
[PlyCount "111"]
[EventDate "2017.12.27"]
[EventType "swiss"]
[EventRounds "5"]
[EventCountry "CAN"]

1. d4 Nf6 2. c4 c5 3. d5 b5 4. cxb5 a6 5. bxa6 g6 6. Nc3 Bxa6 7. e4 Bxf1 8.
Kxf1 d6 9. g3 Bg7 10. Kg2 O-O 11. Nf3 Nbd7 12. Qc2 Qb6 13. a4 Rfc8 14. Rb1 Ng4
15. h3 Nge5 16. Nxe5 Nxe5 17. b3 Qa6 18. Qe2 Qxe2 19. Nxe2 c4 20. Bb2 cxb3 21.
Bxe5 Bxe5 22. f4 Bf6 23. Rxb3 Rxa4 24. Kf3 h5 25. g4 h4 26. g5 Bd4 27. Nxd4
Rxd4 28. Rh2 Rcc4 29. Re3 f6 30. gxf6 exf6 31. Rb2 Kg7 32. Rb7+ Kh6 33. Re7 Rd2
34. Re6 Rh2 35. Kg4 f5+ 36. exf5 Rg2+ 37. Kf3 Rg3+ 38. Ke2 Rxf4 39. Rxg3 hxg3
40. Rxg6+ Kh5 41. Rxg3 Rxf5 42. Rd3 Kg5 43. Rd4 Kf6 44. h4 Ke5 45. Ke3 Rf1 46.
Rd2 Rh1 47. Rg2 Rh3+ 48. Ke2 Kxd5 49. Rg4 Ke5 50. Kd2 d5 51. Ke2 d4 52. Kd2 Kd5
53. Rg8 Rh2+ 54. Kd3 Rh3+ 55. Kd2 Rxh4 56. Rd8+ 1/2-1/2